| Registos Bibliográficos associados ao registo de autoridade |
|
Etiqueta de registo: 00000nam 2200025 450 001 2286322 003 http://id.bnportugal.gov.pt/bib/catbnp/2286322 100 ## $a20260514d2025 k y0pory01030103ba 101 0# $apor$deng 102 ## $aPT 105 ## $aa m 000yy 106 ## $ar 200 1# $aConservação da energia$eremontagem duma experiência problemática do século XIX$fAntónio Manuel Ferreira Pereira$gorient. Ricardo José Lopes Coelho 210 #9 $aLisboa$c[s.n.],$d2025 215 ## $a[9], 202 f.$cil.$d30 cm$ecurriculum vitae (14 f.) 328 #1 $aTese dout. História e Filosofia das Ciências, Faculdade de Ciências, Universidade
de Lisboa, 2025 675 ## $a621.35(043)$vBN$zpor$31246660 675 ## $a536(043)$vBN$zpor$3297477 700 #1 $aPereira,$bAntónio Manuel Ferreira,$f1948-$31998412 702 #1 $93$aCoelho,$bRicardo$4727$3303135 801 #0 $aPT$bBN$gRPC 966 ## $lBN$mFGMON$sS.A. 194151 V.$x1 971 ## $corlando$d20260514 973 ## $cigoulao$d20260626
|
|
|